[Event "AUT-chT2M 2324"]
[Site "Austria"]
[Date "2024.04.20"]
[Round "10.1"]
[White "Schenk, Andreas"]
[Black "Roshka, Yevgeniy"]
[Result "0-1"]
[WhiteElo "2412"]
[BlackElo "2478"]
[PlyCount "52"]
[EventDate "2023.11.03"]
[EventType "team-tourn"]
[EventRounds "11"]
[EventCountry "AUT"]
[SourceTitle "EXT 2025"]
[Source "ChessBase"]
[SourceDate "2024.10.14"]
[SourceVersion "1"]
[SourceVersionDate "2024.10.14"]
[SourceQuality "1"]
[WhiteTeam "Grieskirchen"]
[BlackTeam "Graz Styria"]
[WhiteTeamCountry "AUT"]
[BlackTeamCountry "AUT"]

1. d4 d5 2. c4 e6 3. Nf3 a6 4. cxd5 exd5 5. Nc3 Nf6 6. Bg5 Be6 7. e3 Nbd7 8. Bd3 Bd6 9. 0-0 c6 10. Qc2 Qc7 11. e4 dxe4 12. Nxe4 Nxe4 13. Bxe4 h6 14. Bh4 0-0 15. Rfe1 Rae8 16. Bg3 Bg4 17. Qb3 Nf6 18. Bc2 Bxf3 19. Qxf3 Qa5 20. Red1 Bxg3 21. hxg3 Re7 22. Bb3 Rfe8 23. d5 Re1+ 24. Kh2 cxd5 25. Bxd5 h5 26. Kh3 Nxd5 0-1

[Event "BL2-Ost 2324"]
[Site "Germany"]
[Date "2023.12.03"]
[Round "4.7"]
[White "Stoettner, Moritz"]
[Black "Schenk, Andreas"]
[Result "1/2-1/2"]
[WhiteElo "2098"]
[BlackElo "2412"]
[PlyCount "38"]
[EventDate "2023.10.21"]
[EventType "team-tourn"]
[EventRounds "10"]
[EventCountry "GER"]
[SourceTitle "EXT 2025"]
[Source "ChessBase"]
[SourceDate "2024.10.14"]
[SourceVersion "1"]
[SourceVersionDate "2024.10.14"]
[SourceQuality "1"]
[WhiteTeam "Garching"]
[BlackTeam "Bayern Muenchen II"]
[WhiteTeamCountry "GER"]
[BlackTeamCountry "GER"]

1. e4 c6 2. d4 d5 3. e5 Bf5 4. Nd2 e6 5. Nb3 Nd7 6. Nf3 Bg6 7. Be2 c5 8. dxc5 Bxc5 9. Nxc5 Nxc5 10. Nd4 Ne7 11. Be3 a6 12. 0-0 Rc8 13. c3 Qc7 14. f4 Be4 15. a4 0-0 16. a5 Nf5 17. Bf2 Qe7 18. b4 Nd7 19. Qd2 f6 1/2-1/2

[Event "BL2-Ost 2122"]
[Site "Germany"]
[Date "2022.05.15"]
[Round "6.5"]
[White "Weishaeutel, Moritz"]
[Black "Schenk, Andreas"]
[Result "1/2-1/2"]
[WhiteElo "2407"]
[BlackElo "2418"]
[PlyCount "51"]
[EventDate "2022.03.05"]
[EventType "team-tourn"]
[EventRounds "10"]
[EventCountry "GER"]
[SourceTitle "EXT 2023"]
[Source "ChessBase"]
[SourceDate "2022.10.05"]
[SourceVersion "1"]
[SourceVersionDate "2022.10.05"]
[SourceQuality "1"]
[WhiteTeam "Erfurt"]
[BlackTeam "Bayern Muenchen II"]
[WhiteTeamCountry "GER"]
[BlackTeamCountry "GER"]

1. d4 Nf6 2. Bg5 d5 3. e3 e6 4. Bd3 c5 5. c3 h6 6. Bh4 Nbd7 7. f4 Be7 8. Nd2 b6 9. Bxf6 Nxf6 10. Ngf3 Qc7 11. Ne5 a6 12. Qf3 Bd6 13. g4 Bb7 14. h4 0-0-0 15. 0-0-0 Rdf8 16. Qg2 Nd7 17. Ndf3 b5 18. Kb1 Kb8 19. g5 Nb6 20. g6 f5 21. dxc5 Bxc5 22. Nd4 Re8 23. Qc2 Rhg8 24. Rc1 Bd6 25. Nf7 Bc5 26. Ne5 1/2-1/2

[Event "AUT-chT 2122"]
[Site "Austria"]
[Date "2022.03.27"]
[Round "8.6"]
[White "Wagner, Dennis"]
[Black "Schenk, Andreas"]
[Result "1/2-1/2"]
[WhiteElo "2578"]
[BlackElo "2431"]
[PlyCount "60"]
[EventDate "2021.11.04"]
[EventType "team-tourn"]
[EventRounds "11"]
[EventCountry "AUT"]
[SourceTitle "EXT 2023"]
[Source "ChessBase"]
[SourceDate "2022.10.05"]
[SourceVersion "1"]
[SourceVersionDate "2022.10.05"]
[SourceQuality "1"]
[WhiteTeam "Jenbach"]
[BlackTeam "Fuerstenfeld/Hartberg"]
[WhiteTeamCountry "AUT"]
[BlackTeamCountry "AUT"]

1. d4 Nf6 2. c4 e6 3. Nc3 Bb4 4. e3 0-0 5. Bd3 c5 6. Nge2 cxd4 7. exd4 d5 8. cxd5 Nxd5 9. a3 Be7 10. Nxd5 exd5 11. Nf4 Nc6 12. 0-0 Qd6 13. Be3 Bg5 14. Qh5 h6 15. g3 Bxf4 16. Bxf4 Qf6 17. Be5 Qg5 18. Qxg5 hxg5 19. Bb5 Bd7 20. Bxc6 Bxc6 21. Rfe1 Rfe8 22. f3 f6 23. Bd6 Kf7 24. Kf2 a5 25. Rxe8 Rxe8 26. Re1 Rxe1 27. Kxe1 Ke6 28. Bc7 a4 29. Kf2 Bb5 30. Ba5 Bc4 1/2-1/2

[Event "AUT-chT 2122"]
[Site "Austria"]
[Date "2022.03.25"]
[Round "6.6"]
[White "Schenk, Andreas"]
[Black "Leisch, Lukas"]
[Result "0-1"]
[WhiteElo "2431"]
[BlackElo "2389"]
[PlyCount "74"]
[EventDate "2021.11.04"]
[EventType "team-tourn"]
[EventRounds "11"]
[EventCountry "AUT"]
[SourceTitle "EXT 2023"]
[Source "ChessBase"]
[SourceDate "2022.10.05"]
[SourceVersion "1"]
[SourceVersionDate "2022.10.05"]
[SourceQuality "1"]
[WhiteTeam "Fuerstenfeld/Hartberg"]
[BlackTeam "Grieskirchen/Schallerbach"]
[WhiteTeamCountry "AUT"]
[BlackTeamCountry "AUT"]

1. d4 d5 2. c4 e6 3. Nf3 Nf6 4. Nc3 c6 5. e3 Nbd7 6. Qc2 Bd6 7. b3 0-0 8. Be2 b6 9. 0-0 Bb7 10. Bb2 Qe7 11. Rad1 Rad8 12. Rfe1 Rfe8 13. Bf1 c5 14. dxc5 bxc5 15. a3 Rc8 16. cxd5 exd5 17. Qf5 Qe6 18. Qb1 Ne5 19. Nxe5 Qxe5 20. g3 Qh5 21. Bg2 Ng4 22. h3 Ne5 23. Nb5 Bb8 24. Bxe5 Qxe5 25. Qd3 c4 26. Qd2 c3 27. Qd3 a6 28. Nd4 Ba7 29. Ne2 c2 30. Rd2 d4 31. exd4 c1Q 32. Rxc1 Rxc1+ 33. Kh2 Qc7 34. Bxb7 Qxb7 35. Nxc1 Re1 36. d5 Rxc1 37. Qe4 h6 0-1

[Event "Bundesliga 1920 final"]
[Site "Karlsruhe"]
[Date "2020.09.20"]
[Round "7.8"]
[White "Jablonowski, Christoph"]
[Black "Schenk, Andreas"]
[Result "0-1"]
[WhiteElo "1969"]
[BlackElo "2431"]
[PlyCount "68"]
[EventDate "2020.09.16"]
[EventType "team-tourn"]
[EventRounds "7"]
[EventCountry "GER"]
[SourceTitle "CBM 198 Extra"]
[Source "ChessBase"]
[SourceDate "2020.11.30"]
[SourceVersion "1"]
[SourceVersionDate "2020.11.30"]
[SourceQuality "1"]
[WhiteTeam "Aachen"]
[BlackTeam "Bayern Muenchen"]
[WhiteTeamCountry "GER"]
[BlackTeamCountry "GER"]

1. d4 Nf6 2. c4 e6 3. Nf3 b6 4. g3 Bb7 5. Bg2 Be7 6. 0-0 0-0 7. Nc3 Ne4 8. Qc2 Nxc3 9. Qxc3 c5 10. dxc5 bxc5 11. Rd1 d6 12. h4 Nc6 13. Bg5 h6 14. Bxe7 Qxe7 15. Rd2 Rad8 16. Rad1 f5 17. e3 g5 18. hxg5 hxg5 19. Nxg5 Qxg5 20. Rxd6 Nd4 21. exd4 Rxd6 22. Bxb7 Qg7 23. Bf3 Rxd4 24. Re1 f4 25. g4 e5 26. Kg2 Re8 27. Re4 Rxe4 28. Bxe4 Qxg4+ 29. Kf1 Qd1+ 30. Kg2 Re7 31. Kh2 Qh5+ 32. Kg1 Rg7+ 33. Kf1 Qd1+ 34. Qe1 Rg1+ 0-1

[Event "Innsbruck op 3rd"]
[Site "Innsbruck"]
[Date "2019.08.30"]
[Round "8"]
[White "Kilgus, Georg"]
[Black "Schenk, Andreas"]
[Result "1/2-1/2"]
[WhiteElo "2435"]
[BlackElo "2424"]
[PlyCount "46"]
[EventDate "2019.08.25"]
[EventType "swiss"]
[EventRounds "9"]
[EventCountry "AUT"]
[SourceTitle "EXT 2020"]
[Source "ChessBase"]
[SourceDate "2019.10.17"]
[SourceVersion "1"]
[SourceVersionDate "2019.10.17"]
[SourceQuality "1"]

1. Nf3 Nf6 2. g3 b6 3. Bg2 Bb7 4. 0-0 e6 5. c4 Be7 6. d4 0-0 7. Nc3 Ne4 8. Bd2 Bf6 9. Re1 Nxd2 10. Qxd2 d6 11. Rad1 Nd7 12. e4 e5 13. dxe5 Nxe5 14. b3 Nxf3+ 15. Bxf3 Bxc3 16. Qxc3 Qf6 17. Qxf6 gxf6 18. Bg4 Rfe8 19. Bf5 Re5 20. f4 Re7 21. Kf2 Kg7 22. Re3 Rae8 23. Rde1 a5 1/2-1/2

[Event "Oberliga Bayern 1819"]
[Site "Bayern"]
[Date "2019.02.24"]
[Round "7.3"]
[White "Schenk, Andreas"]
[Black "Miller, Eduard"]
[Result "1/2-1/2"]
[WhiteElo "2424"]
[BlackElo "2383"]
[PlyCount "74"]
[EventDate "2018.10.21"]
[EventType "team-tourn"]
[EventRounds "9"]
[EventCountry "GER"]
[SourceTitle "EXT 2020"]
[Source "ChessBase"]
[SourceDate "2019.10.17"]
[SourceVersion "1"]
[SourceVersionDate "2019.10.17"]
[SourceQuality "1"]
[WhiteTeam "Bayern Muenchen II"]
[BlackTeam "Erlangen SC"]
[WhiteTeamCountry "GER"]
[BlackTeamCountry "GER"]

1. d4 Nf6 2. c4 g6 3. Nc3 Bg7 4. e4 d6 5. Nf3 0-0 6. Be2 e5 7. Be3 exd4 8. Nxd4 Re8 9. f3 c6 10. Bf2 d5 11. exd5 cxd5 12. 0-0 Nc6 13. c5 Nh5 14. Qd2 Be5 15. g3 Bh3 16. Rfe1 a6 17. Rad1 Qd7 18. a3 Rad8 19. b4 Ng7 20. Qc1 h5 21. Nxc6 bxc6 22. Bxa6 Qf5 23. f4 Bf6 24. Rxe8+ Rxe8 25. Nb1 g5 26. Bf1 Bxf1 27. Rxf1 h4 28. fxg5 Bxg5 29. Qd1 h3 30. Nd2 Bxd2 31. Qxd2 Qe4 32. Bd4 Ne6 33. Bf6 Kh7 34. Re1 Qf3 35. Rf1 Qe4 36. Re1 Qf3 37. Rf1 Qe4 1/2-1/2

[Event "Bundesliga 1718"]
[Site "Germany"]
[Date "2018.05.01"]
[Round "15.7"]
[White "Rogozenco, Dorian"]
[Black "Schenk, Andreas"]
[Result "1/2-1/2"]
[WhiteElo "2472"]
[BlackElo "2435"]
[PlyCount "39"]
[EventDate "2017.10.21"]
[EventType "team-tourn"]
[EventRounds "15"]
[EventCountry "GER"]
[SourceTitle "CBM 184"]
[Source "ChessBase"]
[SourceDate "2018.05.16"]
[SourceVersion "1"]
[SourceVersionDate "2018.05.16"]
[SourceQuality "1"]
[WhiteTeam "Hamburger SK"]
[BlackTeam "Bayern Muenchen"]
[WhiteTeamCountry "GER"]
[BlackTeamCountry "GER"]

1. d4 Nf6 2. c4 e6 3. g3 Bb4+ 4. Bd2 Bxd2+ 5. Nxd2 d6 6. Bg2 e5 7. d5 0-0 8. e3 a5 9. Ne2 Na6 10. 0-0 Bd7 11. Nc3 Qe7 12. b3 a4 13. b4 Nxb4 14. Rb1 Na6 15. Rxb7 Rfc8 16. a3 Nc5 17. Rb4 Nd3 18. Rb7 Nc5 19. Rb4 Nd3 20. Rb7 1/2-1/2

[Event "Oberliga Bayern 1718"]
[Site "Bayern"]
[Date "2018.02.04"]
[Round "6.2"]
[White "Schenk, Andreas"]
[Black "Kostic, Vladimir G"]
[Result "1/2-1/2"]
[WhiteElo "2435"]
[BlackElo "2344"]
[PlyCount "108"]
[EventDate "2017.10.22"]
[EventType "team-tourn"]
[EventRounds "9"]
[EventCountry "GER"]
[SourceTitle "EXT 2020"]
[Source "ChessBase"]
[SourceDate "2019.10.17"]
[SourceVersion "1"]
[SourceVersionDate "2019.10.17"]
[SourceQuality "1"]
[WhiteTeam "Bayern Muenchen II"]
[BlackTeam "Muenchen Suedost"]
[WhiteTeamCountry "GER"]
[BlackTeamCountry "GER"]

1. d4 d6 2. Nf3 Nf6 3. c4 Nbd7 4. Nc3 e5 5. e4 g6 6. Be2 Bg7 7. 0-0 0-0 8. Re1 c6 9. Bf1 Re8 10. d5 c5 11. Nb5 Nb6 12. Rb1 a6 13. Nc3 Nbd7 14. a3 h6 15. b4 Rf8 16. Na4 b6 17. Bd3 Ne8 18. Qc2 Qc7 19. Be3 Nef6 20. Rb3 Nh5 21. Reb1 Nf4 22. Bf1 cxb4 23. Rxb4 b5 24. Nc3 Nf6 25. cxb5 axb5 26. Qb2 Ng4 27. Nxb5 Qe7 28. Bxf4 exf4 29. Qc1 g5 30. a4 Ne5 31. Qc7 Nxf3+ 32. gxf3 Qxc7 33. Nxc7 Ra5 34. Rc1 Be5 35. Kg2 h5 36. h3 Kg7 37. Bb5 Kh6 38. Rc6 g4 39. hxg4 hxg4 40. fxg4 Bxg4 41. f3 Bf5 42. Be2 Rg8+ 43. Kf2 Rg6 44. Ra6 Rc5 45. Rc6 Ra5 46. Rc1 Rc5 47. Rcc4 Bc3 48. Rxc5 Bxb4 49. Rc6 Bd2 50. Bd1 Be3+ 51. Kf1 Rg1+ 52. Ke2 Rg2+ 53. Kf1 Rg1+ 54. Ke2 Rg2+ 1/2-1/2

[Event "Bundesliga 1617"]
[Site "Germany"]
[Date "2017.02.18"]
[Round "7.6"]
[White "Schenk, Andreas"]
[Black "Kollars, Dmitrij"]
[Result "1/2-1/2"]
[WhiteElo "2463"]
[BlackElo "2491"]
[PlyCount "55"]
[EventDate "2016.10.15"]
[EventType "team-tourn"]
[EventRounds "15"]
[EventCountry "GER"]
[SourceTitle "CBM 177"]
[Source "ChessBase"]
[SourceDate "2017.03.16"]
[SourceVersion "1"]
[SourceVersionDate "2017.03.16"]
[SourceQuality "1"]
[WhiteTeam "Bayern Muenchen"]
[BlackTeam "Hamburger SK"]
[WhiteTeamCountry "GER"]
[BlackTeamCountry "GER"]

1. d4 Nf6 2. c4 g6 3. Nc3 Bg7 4. e4 d6 5. Nf3 0-0 6. Be2 e5 7. Be3 c6 8. d5 Na6 9. 0-0 Ng4 10. Bg5 f6 11. Bh4 c5 12. Ne1 h5 13. h3 Nh6 14. Nd3 Bd7 15. a3 Qe7 16. b4 b6 17. bxc5 bxc5 18. Rb1 g5 19. Bg3 h4 20. Bh2 f5 21. f3 g4 22. fxg4 fxg4 23. Rxf8+ Rxf8 24. hxg4 Qg5 25. Qc1 Qg6 26. Nf2 Bf6 27. Qd1 Bg5 28. Qd3 1/2-1/2

[Event "Bundesliga 1617"]
[Site "Germany"]
[Date "2016.10.16"]
[Round "2.4"]
[White "Nemeth, Miklos"]
[Black "Schenk, Andreas"]
[Result "1/2-1/2"]
[WhiteElo "2469"]
[BlackElo "2463"]
[PlyCount "41"]
[EventDate "2016.10.15"]
[EventType "team-tourn"]
[EventRounds "15"]
[EventCountry "GER"]
[SourceTitle "EXT 2017"]
[Source "ChessBase"]
[SourceDate "2016.10.25"]
[SourceVersion "1"]
[SourceVersionDate "2016.10.25"]
[SourceQuality "1"]
[WhiteTeam "Schwegenheim"]
[BlackTeam "Bayern Muenchen"]
[WhiteTeamCountry "GER"]
[BlackTeamCountry "GER"]

1. e4 e6 2. d4 d5 3. Nd2 c5 4. exd5 Qxd5 5. Ngf3 cxd4 6. Bc4 Qd6 7. 0-0 Nf6 8. Nb3 Nc6 9. Nbxd4 Nxd4 10. Nxd4 a6 11. Re1 Qc7 12. Bf1 Be7 13. Qf3 0-0 14. Bf4 Bd6 15. Bxd6 Qxd6 16. Rad1 Qc7 17. Qg3 Qxg3 18. hxg3 Bd7 19. Nf3 Rfc8 20. Ne5 Be8 21. c4 1/2-1/2

[Event "Bundesliga 1617"]
[Site "Germany"]
[Date "2016.10.15"]
[Round "1.4"]
[White "Schenk, Andreas"]
[Black "Shirov, Alexei"]
[Result "1/2-1/2"]
[WhiteElo "2463"]
[BlackElo "2679"]
[PlyCount "114"]
[EventDate "2016.10.15"]
[EventType "team-tourn"]
[EventRounds "15"]
[EventCountry "GER"]
[SourceTitle "EXT 2017"]
[Source "ChessBase"]
[SourceDate "2016.10.25"]
[SourceVersion "1"]
[SourceVersionDate "2016.10.25"]
[SourceQuality "1"]
[WhiteTeam "Bayern Muenchen"]
[BlackTeam "Baden-Baden"]
[WhiteTeamCountry "GER"]
[BlackTeamCountry "GER"]

1. d4 d5 2. c4 c6 3. Nf3 Nf6 4. e3 Bg4 5. h3 Bh5 6. Nc3 e6 7. g4 Bg6 8. Ne5 Nbd7 9. Nxg6 hxg6 10. a3 g5 11. Bd2 Be7 12. Bd3 dxc4 13. Bxc4 b5 14. Bf1 a6 15. Bg2 Rc8 16. Qe2 c5 17. 0-0 Nb6 18. a4 b4 19. Na2 a5 20. dxc5 Rxc5 21. Rfc1 Nxa4 22. Nxb4 Rxc1+ 23. Rxc1 axb4 24. Qb5+ Kf8 25. Bxb4 Nb6 26. Ba5 Nfd7 27. Rc6 g6 28. Bxb6 Nxb6 29. Rxb6 Kg7 30. Rb7 Bf6 31. Rd7 Qc8 32. Qb7 Qxb7 33. Rxb7 Be5 34. Rb5 Bd6 35. Kf1 Rb8 36. Rxb8 Bxb8 37. b4 Bd6 38. b5 Bc5 39. Ke2 f5 40. Bc6 Kf6 41. Be8 Bb6 42. Kd3 f4 43. Ke4 fxe3 44. fxe3 Ba7 45. Kd3 Bb6 46. e4 Bc5 47. Kc4 Bf2 48. Kb4 Bb6 49. Kb3 Bf2 50. Ka4 Bb6 51. Kb4 Ke5 52. Bxg6 Kd4 53. Bh7 Bd8 54. Bg8 Bb6 55. Bxe6 Kxe4 56. Kc4 Ke5 57. Bc8 Kd6 1/2-1/2

[Event "Bundesliga 1516"]
[Site "Germany"]
[Date "2016.04.10"]
[Round "13.3"]
[White "Inarkiev, Ernesto"]
[Black "Schenk, Andreas"]
[Result "1-0"]
[WhiteElo "2660"]
[BlackElo "2483"]
[PlyCount "137"]
[EventDate "2015.09.18"]
[EventType "team-tourn"]
[EventRounds "15"]
[EventCountry "GER"]
[SourceTitle "CBM 172"]
[Source "ChessBase"]
[SourceDate "2016.05.12"]
[SourceVersion "1"]
[SourceVersionDate "2016.05.12"]
[SourceQuality "1"]
[WhiteTeam "Schwaebisch Hall"]
[BlackTeam "Bayern Muenchen"]
[WhiteTeamCountry "GER"]
[BlackTeamCountry "GER"]

1. e4 e6 2. d4 d5 3. Nc3 Nf6 4. e5 Nfd7 5. f4 c5 6. Nf3 Nc6 7. Be3 Be7 8. dxc5 Nxc5 9. Qd2 0-0 10. 0-0-0 a6 11. h4 b6 12. Kb1 f6 13. Nd4 Nxd4 14. Bxd4 fxe5 15. Bxe5 b5 16. g3 b4 17. Ne2 a5 18. Nd4 Qb6 19. Bg2 Ne4 20. Bxe4 dxe4 21. Qe3 Bc5 22. Rhf1 Ba6 23. Rf2 Rad8 24. Qxe4 Bb7 25. Qe3 Rd7 26. Rfd2 Rfd8 27. g4 a4 28. b3 axb3 29. cxb3 Bc8 30. h5 Rd5 31. Qf2 Qa7 32. Qh4 Qf7 33. Qh2 Bb7 34. Ka1 Ba6 35. Nc6 Rxd2 36. Rxd2 Rc8 37. Nd4 Bb7 38. Qe2 Bd5 39. Kb2 Qa7 40. Nb5 Qb7 41. Rc2 Bf8 42. Rxc8 Qxc8 43. Nc7 Qb7 44. Qc2 Qb6 45. Nxd5 exd5 46. Qd2 Qe6 47. g5 g6 48. h6 Qc6 49. Qd3 Qc5 50. Bd4 Qc8 51. Be5 Qc5 52. Qf3 Qb5 53. Qg4 Qb6 54. Kb1 Qa6 55. Qf3 Qe6 56. Kc1 Be7 57. Qg2 Kf7 58. Kd2 Bd6 59. Qf2 Be7 60. Qd4 Bf8 61. Qa7+ Qe7 62. Qb6 Qe6 63. Qc7+ Kg8 64. Qb7 Qf7 65. Qc6 Be7 66. Qa8+ Qf8 67. Qxd5+ Qf7 68. Qc4 Bf8 69. Kd3 1-0

[Event "Bundesliga 1516"]
[Site "Germany"]
[Date "2016.02.07"]
[Round "6.4"]
[White "Schenk, Andreas"]
[Black "Piorun, Kacper"]
[Result "0-1"]
[WhiteElo "2483"]
[BlackElo "2591"]
[PlyCount "86"]
[EventDate "2015.09.18"]
[EventType "team-tourn"]
[EventRounds "15"]
[EventCountry "GER"]
[SourceTitle "CBM 171"]
[Source "ChessBase"]
[SourceDate "2016.03.14"]
[SourceVersion "2"]
[SourceVersionDate "2016.03.14"]
[SourceQuality "1"]
[WhiteTeam "Bayern Muenchen"]
[BlackTeam "Berlin SF"]
[WhiteTeamCountry "GER"]
[BlackTeamCountry "GER"]

1. d4 Nf6 2. c4 e6 3. Nf3 d5 4. Nc3 Bb4 5. cxd5 exd5 6. Bg5 h6 7. Bxf6 Qxf6 8. Qa4+ Nc6 9. e3 0-0 10. Be2 Be6 11. 0-0 a6 12. Rfc1 Bd6 13. Qd1 Ne7 14. a3 c6 15. Na4 Rae8 16. b4 g5 17. Nc5 Bc8 18. Nd3 g4 19. Nd2 h5 20. a4 Qg5 21. b5 h4 22. bxa6 bxa6 23. e4 f6 24. exd5 cxd5 25. Nf1 f5 26. Rab1 Qf6 27. Ne5 Bxe5 28. dxe5 Qxe5 29. Rb6 Rf6 30. a5 h3 31. f4 Qe4 32. gxh3 Rxb6 33. axb6 Ng6 34. Qd3 Qxd3 35. Bxd3 Nxf4 36. Rc3 d4 37. Bc4+ Kf8 38. Ra3 Nxh3+ 39. Kg2 f4 40. Bxa6 Bxa6 41. Rxa6 Re2+ 42. Kh1 Rb2 43. Ra8+ Ke7 0-1

[Event "Bundesliga 1516"]
[Site "Germany"]
[Date "2016.02.06"]
[Round "5.3"]
[White "Schenk, Andreas"]
[Black "Bartel, Mateusz"]
[Result "0-1"]
[WhiteElo "2483"]
[BlackElo "2623"]
[PlyCount "96"]
[EventDate "2015.09.18"]
[EventType "team-tourn"]
[EventRounds "15"]
[EventCountry "GER"]
[SourceTitle "CBM 171"]
[Source "ChessBase"]
[SourceDate "2016.03.14"]
[SourceVersion "2"]
[SourceVersionDate "2016.03.14"]
[SourceQuality "1"]
[WhiteTeam "Bayern Muenchen"]
[BlackTeam "Dresden TU"]
[WhiteTeamCountry "GER"]
[BlackTeamCountry "GER"]

1. d4 f5 2. c4 Nf6 3. Nf3 g6 4. g3 Bg7 5. Bg2 0-0 6. Nc3 d6 7. 0-0 c6 8. d5 e5 9. dxe6 Bxe6 10. b3 Na6 11. Ng5 Qe7 12. Bb2 Rad8 13. Nxe6 Qxe6 14. Qc2 Nc5 15. Rad1 a5 16. e3 Qe7 17. a3 Qc7 18. Ba1 Kh8 19. Rb1 Ne6 20. Ne2 Ng4 21. Bxg7+ Qxg7 22. b4 axb4 23. axb4 h5 24. b5 h4 25. h3 Nf6 26. bxc6 bxc6 27. Bxc6 Rc8 28. Bg2 d5 29. Qa2 dxc4 30. Rfc1 hxg3 31. fxg3 Qc7 32. Rb4 Qc5 33. Rbxc4 Qxe3+ 34. Kh2 Rxc4 35. Rxc4 Kg7 36. Qb2 Rd8 37. Nf4 Nxf4 38. Rxf4 Rd2 39. Qb7+ Nd7 40. Rf1 Qe5 41. Qf3 Qd4 42. Re1 Qb2 43. Kh1 Ne5 44. Qb7+ Qxb7 45. Bxb7 Nd3 46. Rg1 Nf2+ 47. Kg2 Rb2 48. Ba6 Ng4+ 0-1

[Event "Bundesliga 1516"]
[Site "Germany"]
[Date "2015.09.20"]
[Round "2.2"]
[White "Balogh, Csaba"]
[Black "Schenk, Andreas"]
[Result "1-0"]
[WhiteElo "2659"]
[BlackElo "2483"]
[PlyCount "61"]
[EventDate "2015.09.18"]
[EventType "team-tourn"]
[EventRounds "15"]
[EventCountry "GER"]
[SourceTitle "EXT 2016"]
[Source "ChessBase"]
[SourceDate "2015.10.08"]
[SourceVersion "1"]
[SourceVersionDate "2015.10.08"]
[SourceQuality "1"]
[WhiteTeam "Hockenheim"]
[BlackTeam "Bayern Muenchen"]
[WhiteTeamCountry "GER"]
[BlackTeamCountry "GER"]

1. e4 e6 2. d4 d5 3. Nc3 Nf6 4. e5 Nfd7 5. f4 c5 6. Nf3 Nc6 7. Be3 Be7 8. Qd2 b6 9. Nd1 0-0 10. c3 a5 11. Bb5 Qc7 12. 0-0 a4 13. Bf2 Ba6 14. Bxa6 Rxa6 15. f5 Na5 16. f6 gxf6 17. Bh4 Qd8 18. exf6 Nxf6 19. Qg5+ Kh8 20. Ne5 Ng8 21. Qh5 f6 22. Ng6+ Kg7 23. Nxf8 Qxf8 24. Ne3 Qf7 25. Qg4+ Kh8 26. Qf4 Nc6 27. Qc7 cxd4 28. Nxd5 dxc3 29. Nxe7 Ncxe7 30. bxc3 b5 31. Rad1 1-0

[Event "Bundesliga 1415"]
[Site "Germany"]
[Date "2015.03.15"]
[Round "13.2"]
[White "Schenk, Andreas"]
[Black "Mista, Aleksander"]
[Result "1/2-1/2"]
[WhiteElo "2491"]
[BlackElo "2616"]
[PlyCount "98"]
[EventDate "2014.10.18"]
[EventType "team-tourn"]
[EventRounds "15"]
[EventCountry "GER"]
[SourceTitle "CBM 166"]
[Source "ChessBase"]
[SourceDate "2015.05.11"]
[SourceVersion "1"]
[SourceVersionDate "2015.05.11"]
[SourceQuality "1"]
[WhiteTeam "Bayern Muenchen"]
[BlackTeam "Berlin SF"]
[WhiteTeamCountry "GER"]
[BlackTeamCountry "GER"]

1. d4 Nf6 2. c4 e6 3. Nf3 Bb4+ 4. Bd2 Qe7 5. Nc3 0-0 6. e3 Bxc3 7. Bxc3 Ne4 8. Qc2 Nxc3 9. Qxc3 a5 10. Bd3 d6 11. 0-0 Nd7 12. Qc2 g6 13. Rac1 b6 14. Be4 Ra7 15. Rfd1 f5 16. Bc6 Nb8 17. Ba4 Na6 18. Qe2 Bb7 19. a3 Raa8 20. Rb1 c5 21. Bc2 Rad8 22. Rd2 e5 23. dxe5 dxe5 24. Rxd8 Rxd8 25. e4 f4 26. Rd1 Rxd1+ 27. Qxd1 Nb8 28. Qd3 Nc6 29. Ba4 Nd4 30. Nxd4 exd4 31. Bc2 Kg7 32. a4 Qe6 33. b3 Qe5 34. h3 Bc8 35. Bd1 h5 36. Qf3 Bb7 37. Bc2 Kh6 38. g3 fxg3 39. Qf8+ Kh7 40. f4 Qe6 41. e5 Bc8 42. Be4 Qg8 43. Bxg6+ Qxg6 44. Qxc8 Qb1+ 45. Kg2 Qe4+ 46. Kxg3 Qe3+ 47. Kg2 Qe2+ 48. Kg3 Qe3+ 49. Kg2 Qe2+ 1/2-1/2

[Event "Bundesliga 1415"]
[Site "Germany"]
[Date "2015.03.14"]
[Round "12.2"]
[White "Gajewski, Grzegorz"]
[Black "Schenk, Andreas"]
[Result "1-0"]
[WhiteElo "2643"]
[BlackElo "2491"]
[PlyCount "61"]
[EventDate "2014.10.18"]
[EventType "team-tourn"]
[EventRounds "15"]
[EventCountry "GER"]
[SourceTitle "CBM 166"]
[Source "ChessBase"]
[SourceDate "2015.05.11"]
[SourceVersion "1"]
[SourceVersionDate "2015.05.11"]
[SourceQuality "1"]
[WhiteTeam "Dresden TU"]
[BlackTeam "Bayern Muenchen"]
[WhiteTeamCountry "GER"]
[BlackTeamCountry "GER"]

1. c4 e5 2. g3 c6 3. d4 Bb4+ 4. Bd2 Bxd2+ 5. Qxd2 d6 6. Nc3 Nf6 7. Nf3 e4 8. Ng5 d5 9. cxd5 cxd5 10. f3 h6 11. Nh3 exf3 12. exf3 Bxh3 13. Bxh3 0-0 14. 0-0-0 Nc6 15. g4 Re8 16. Kb1 Qe7 17. Rhe1 Qd6 18. Nb5 Qd7 19. Rg1 Re7 20. Bf1 a6 21. Nc3 Nh7 22. h4 Nf8 23. f4 Ne6 24. f5 Nexd4 25. Bg2 Rae8 26. Bxd5 Ne2 27. Rgf1 Re5 28. Nxe2 Rxe2 29. Qf4 Qe7 30. f6 Qxf6 31. Bxf7+ 1-0

[Event "Bundesliga 1415"]
[Site "Germany"]
[Date "2014.11.08"]
[Round "3.3"]
[White "Schenk, Andreas"]
[Black "Kempinski, Robert"]
[Result "0-1"]
[WhiteElo "2491"]
[BlackElo "2620"]
[PlyCount "62"]
[EventDate "2014.10.18"]
[EventType "team-tourn"]
[EventRounds "15"]
[EventCountry "GER"]
[SourceTitle "EXT 2015"]
[Source "ChessBase"]
[SourceDate "2014.11.20"]
[SourceVersion "1"]
[SourceVersionDate "2014.11.20"]
[SourceQuality "1"]
[WhiteTeam "Bayern Muenchen"]
[BlackTeam "Hamburger SK"]
[WhiteTeamCountry "GER"]
[BlackTeamCountry "GER"]

1. d4 Nf6 2. c4 g6 3. Nc3 Bg7 4. e4 d6 5. Nf3 0-0 6. Be2 Na6 7. 0-0 e5 8. Re1 c6 9. Bf1 exd4 10. Nxd4 Ng4 11. h3 Qb6 12. hxg4 Qxd4 13. g5 Qe5 14. Be3 Nc5 15. Qc2 Qe7 16. Rad1 a5 17. f3 a4 18. a3 Be6 19. g3 Rfd8 20. Qf2 Nd7 21. f4 Bg4 22. Rd3 Nc5 23. Bxc5 Bxc3 24. Rxc3 dxc5 25. Qc2 Rd4 26. Rd3 Rxd3 27. Bxd3 Qd7 28. Re3 Qd4 29. Kf2 Ra6 30. Qc3 Rb6 31. Bc2 Rxb2 0-1